| 000 | 00988cam a22002652 4500 | ||
|---|---|---|---|
| 001 | 1104 | ||
| 003 | BD-RjUL | ||
| 005 | 20211208233257.0 | ||
| 008 | 131124r19501949nyua 000 0 eng | ||
| 035 | _a(BD-RjUL)1126 | ||
| 040 |
_aDLC _cCarP _dDLC _d(BD-RjUL) _beng |
||
| 041 | _aeng | ||
| 082 | 0 | 4 |
_221 _a027.4 _bBEL 1950 |
| 100 | 1 |
_aBerelson, Bernard, _d1912-1979. _93261 |
|
| 245 | 1 | 4 |
_aThe library's public : _ba report of the Public Library Inquiry / _cby Bernard Berelson with the assistance of Lester Asheim. |
| 260 |
_aNew York, _bColumbia Univ. Press, _cc1949. [Printing 1950] |
||
| 300 |
_axx, 174 p. _bdiagrs. ; _c23 cm. |
||
| 650 | 0 |
_aPublic libraries _zUnited States. _93262 |
|
| 650 | 0 |
_aLibrary use studies _zUnited States. _93263 |
|
| 710 | 2 |
_aPublic Library Inquiry (Project) _91640 |
|
| 710 | 1 |
_aMichigan. _bUniversity. _bSurvey Research Center. _tPublic library and the people. [from old catalog] _93264 |
|
| 942 |
_2ddc _cBK |
||
| 999 |
_c1104 _d1104 |
||